Охрана труда в металлообработке: учебное пособие

التفاصيل البيبلوغرافية
المؤلف الرئيسي: Покровский Б. С. Борис Семенович
الملخص:Рассмотрены мероприятия, обеспечивающие безопасность работников при передвижении по территории и цехам предприятий машиностроительного комплекса. Даны рекомендации по безопасному выполнению работ, связанных с металлообработкой. Для подготовки, переподготовки и повышения квалификации рабочих по профессиям металлообработки. Может быть использовано в учреждениях начального профессионального образования.
اللغة:الروسية
منشور في: Москва, Академия, 2009
سلاسل:Непрерывное профессиональное образование
الموضوعات:
التنسيق: كتاب
KOHA link:https://koha.lib.tpu.ru/cgi-bin/koha/opac-detail.pl?biblionumber=167368

MARC

LEADER 00000nam0a2200000 4500
001 167368
005 20231101222704.0
010 |a 9785769553851 
035 |a (RuTPU)RU\TPU\book\181575 
090 |a 167368 
100 |a 20091015d2009 m y0rusy50 ca 
101 0 |a rus 
102 |a RU 
105 |a a j 000zy 
200 1 |a Охрана труда в металлообработке  |e учебное пособие  |f Б. С. Покровский 
210 |a Москва  |c Академия  |d 2009 
215 |a 64 с.  |c ил. 
225 1 |a Непрерывное профессиональное образование 
330 |a Рассмотрены мероприятия, обеспечивающие безопасность работников при передвижении по территории и цехам предприятий машиностроительного комплекса. Даны рекомендации по безопасному выполнению работ, связанных с металлообработкой. Для подготовки, переподготовки и повышения квалификации рабочих по профессиям металлообработки. Может быть использовано в учреждениях начального профессионального образования. 
606 1 |a Металлообрабатывающие предприятия  |x Производительность труда  |x Охрана труда  |2 stltpush  |3 (RuTPU)RU\TPU\subj\42469  |9 62135 
610 1 |a производственные помещения 
610 1 |a производственное оборудование 
610 1 |a металлообработка 
610 1 |a машиностроение 
610 1 |a электробезопасность 
610 1 |a пожарная безопасность 
610 1 |a несчастные случаи 
610 1 |a первая помощь 
610 1 |a правила 
610 1 |a техника безопасности 
610 1 |a учебные пособия 
675 |a 621.7:658(075.32)  |v 3 
700 1 |a Покровский  |b Б. С.  |g Борис Семенович 
801 1 |a RU  |b 63413507  |c 20091015 
801 2 |a RU  |b 63413507  |c 20150623  |g RCR 
942 |c BK